[Event "RUS-chT blitz (Women)"]
[Site "Sochi"]
[Date "2018.10.10"]
[Round "10.3"]
[White "Ambartsumova, Karina"]
[Black "Samusenko, Ramziya"]
[Result "1-0"]
[WhiteElo "2379"]
[BlackElo "2075"]
[PlyCount "63"]
[EventDate "2018.10.10"]
[EventType "team-swiss (blitz)"]
[EventRounds "13"]
[EventCountry "RUS"]
[SourceTitle "CBM 186 Extra"]
[Source "ChessBase"]
[SourceDate "2018.08.24"]
[SourceVersion "1"]
[SourceVersionDate "2018.08.24"]
[SourceQuality "1"]
[WhiteTeam "Kazan Ladya (W)"]
[BlackTeam "Naberezhnye Chelny Etyud (W)"]
[WhiteTeamCountry "RUS"]
[BlackTeamCountry "RUS"]

1. d4 d6 2. e4 Nf6 3. Nc3 c6 4. f3 e5 5. Be3 Be7 6. Bc4 b5 7. Bb3 a5 8. a3 exd4 9. Bxd4 a4 10. Ba2 0-0 11. Nge2 Na6 12. 0-0 Nc5 13. Qd2 Be6 14. Bxe6 fxe6 15. Rad1 d5 16. Qe3 Nfd7 17. exd5 exd5 18. Kh1 Kh8 19. Ng3 Bd6 20. Qh6 Be5 21. Qxc6 Qh4 22. Bxe5 Rac8 23. Qxd5 Nxe5 24. Qxe5 Rfe8 25. Qh5 Qf6 26. Rfe1 Rf8 27. Nce4 Nxe4 28. Nxe4 Qxb2 29. Ng5 h6 30. Ne6 Rfe8 31. Qg6 Qf6 32. Qg4 1-0

[Event "RUS-chT rapid (Women)"]
[Site "Sochi"]
[Date "2018.10.09"]
[Round "9.2"]
[White "Samusenko, Ramziya"]
[Black "Shuvalova, Polina"]
[Result "0-1"]
[WhiteElo "2075"]
[BlackElo "2421"]
[PlyCount "120"]
[EventDate "2018.10.08"]
[EventType "team-tourn (rapid)"]
[EventRounds "9"]
[EventCountry "RUS"]
[SourceTitle "CBM 186 Extra"]
[Source "ChessBase"]
[SourceDate "2018.08.24"]
[SourceVersion "1"]
[SourceVersionDate "2018.08.24"]
[SourceQuality "1"]
[WhiteTeam "Naberezhnye Chelny Etyud (W)"]
[BlackTeam "Moscow Legacy Square (W)"]
[WhiteTeamCountry "RUS"]
[BlackTeamCountry "RUS"]

1. e4 c6 2. d4 d5 3. exd5 cxd5 4. Bd3 Nc6 5. c3 Nf6 6. Ne2 Bg4 7. 0-0 e6 8. Bf4 Bd6 9. Bxd6 Qxd6 10. Nd2 0-0 11. Qb1 Bxe2 12. Bxe2 Rab8 13. Qd3 Rfc8 14. Qh3 b5 15. Bd3 b4 16. g4 Qf4 17. Nb3 Qxg4+ 18. Qxg4 Nxg4 19. Nc5 a5 20. Ba6 Rd8 21. Rab1 Nf6 22. f3 g6 23. Bb7 Ne7 24. Ba6 Rd6 25. Bd3 Nd7 26. Na6 Rbb6 27. Nc5 Kf8 28. Rfe1 Ke8 29. Kf2 Rdc6 30. Na4 Rb8 31. Rec1 Kd8 32. Ke3 Nc8 33. cxb4 Rxc1 34. Rxc1 axb4 35. b3 Ne7 36. Ba6 h5 37. Bd3 Rc8 38. Rxc8+ Kxc8 39. Bb5 Kc7 40. Nb2 Nf5+ 41. Kd3 Nf6 42. Na4 Nd6 43. Ba6 Nd7 44. Kc2 Nf5 45. Kd3 Nb8 46. Bb5 Nd6 47. Bc4 dxc4+ 48. bxc4 Nd7 49. c5 Nf5 50. Kc4 Nb8 51. Kxb4 Nxd4 52. f4 Ne2 53. f5 gxf5 54. Kc4 Nc6 55. Kd3 Nc1+ 56. Kc4 f4 57. Nc3 f3 58. Ne4 f5 59. Nf2 Ne5+ 60. Kc3 Ng4 0-1